000 00396nam a22001457a 4500
008 220528b |||||||| |||| 00| 0 eng d
020 _a9789998059054
082 _a895.1 RAB 2022
100 _aRabgyal, Dechen
245 _aFrom Mongar to Thimphu via London : On My Way to Mayul
260 _c2022.
300 _axxxvi, 183 p.
_c21 cm.
650 _aHistory, Politics, Life Story
942 _2ddc
999 _c8972
_d8973